| 000 -LEADER |
| fixed length control field |
01388nam a22001577a 4500 |
| 008 - FIXED-LENGTH DATA ELEMENTS--GENERAL INFORMATION |
| fixed length control field |
230328b ||||| |||| 00| 0 eng d |
| 100 ## - MAIN ENTRY--PERSONAL NAME |
| Personal name |
Melstrom, Richard T. et al |
| 245 ## - TITLE STATEMENT |
| Title |
Who benefits from Brownfield cleanup and gentrification? Evidence from Chicago |
| 260 ## - PUBLICATION, DISTRIBUTION, ETC. (IMPRINT) |
| Place of publication, distribution, etc |
Urban Affairs Review |
| 300 ## - PHYSICAL DESCRIPTION |
| Extent |
58(6), Nov, 2022: p.1622-1651 |
| 520 ## - SUMMARY, ETC. |
| Summary, etc |
This paper presents research on the distribution of economic benefits from brownfield cleanup and land development. There is growing concern that cleaning up blighted areas, including brownfields, can entrench inequality by disproportionately benefiting some demographic groups more than others. We look for evidence of disproportionate benefits by relating changes in move decisions to land use activity in Chicago using a heterogeneous sorting model. Our research produces two key insights: first, Black and Hispanic households benefit less than White households from brownfield cleanup and vacant land development. Second, owners appear to benefit more than renters from cleanup and development. Overall, these results provide evidence of differences associated with race and housing tenure in who benefits from local land use actions. – Reproduced |
| 650 ## - SUBJECT ADDED ENTRY--TOPICAL TERM |
| Topical term or geographic name as entry element |
Sorting, Housing market, Environmental justice, Segregation. |
| 9 (RLIN) |
37005 |
| 773 ## - HOST ITEM ENTRY |
| Main entry heading |
Urban Affairs Review |
| 906 ## - LOCAL DATA ELEMENT F, LDF (RLIN) |
| Subject DIP |
URBAN GOVERNANCE |
| 942 ## - ADDED ENTRY ELEMENTS (KOHA) |
| Item type |
Articles |